| 000 | 01300nam a2200349Ii 4500 | ||
|---|---|---|---|
| 001 | DIGUAL0234 | ||
| 003 | NyNyDIG | ||
| 006 | m o d | ||
| 007 | cr ||||||||||| | ||
| 008 | 140501s1995 sp a ob 000 0 spa d | ||
| 020 | _z9788479082178 | ||
| 020 | _z8479082178 | ||
| 035 | _a(OCoLC)644130354 | ||
| 040 |
_aDGITA _beng _epn _cDGITA |
||
| 043 | _ae-sp--- | ||
| 050 | 1 | 4 | _aQK329 eBook |
| 100 | 1 | _aPadilla Blanco, Ascensión. | |
| 245 | 1 | 3 |
_aEl poblamiento vegetal en las sierras de Peñarroya y Cuartel _baspectos evolutivos y situación actual / _cAscensión Padilla Blanco. |
| 264 | 1 |
_aAlicante : _bInstituto Universitario de Geografía, Universidad de Alicante : _bInstituto de Cultura "Juan Gil Albert," _c1995. |
|
| 300 |
_a1 online resource (107 pages) : _bill., maps |
||
| 336 |
_atext _btxt _2rdacontent |
||
| 337 |
_acomputer _bc _2rdamedia |
||
| 338 |
_aonline resource _bcr _2rdacarrier |
||
| 504 | _aIncludes bibliographical references (p. 101-103). | ||
| 650 | 0 |
_aBotany _zSpain |
|
| 655 | 0 | _aElectronic books. | |
| 791 | 2 |
_aDigitalia (Firm), _edistributor. |
|
| 793 | 0 |
_gDigitalia eBook Collection: _aUniv. de Alicante. |
|
| 856 | 4 | 0 |
_3Digitalia Hispánica _uhttps://www.digitaliapublishing.com/a/760/ |
| 910 | _aPremium Collection: 2007-2012 | ||
| 942 | _cRAA | ||
| 999 |
_c229762 _d229762 |
||